000 00828nmm a2200265 a 4500
001 ocm000955196
003 TR-IsHL
005 20201028150143.0
008 150110s2013 tu tur
007 cr cn
020 _a9786054708338
035 _a955196
_b(N$T)
050 0 4 _aPL248.Ç333
_bG89 2013
090 0 4 _aPL248.Ç333
_bG89 2013
100 1 _aÇaçan, Baran
245 1 0 _aGüzelliğimden ölüyorum
_h[electronic resource] /
_cBaran Çaçan
260 _aİstanbul :
_bDedalus Kitap,
_c2013
300 _a65 p.
650 4 _aDil ve Edebiyat
650 4 _aLanguage and Literature
650 0 _aTürk şiiri
650 0 _aTurkish poetry
650 7 _aLITERARY COLLECTIONS / Middle Eastern
_2bisacsh
856 4 0 _uhttp://search.ebscohost.com/login.aspx?direct=true&scope=site&db=e011xww&AN=955196
999 _c10323
_d10323